[Event "FRA-chT2 0910"]
[Site "France"]
[Date "2009.12.13"]
[Round "6.5"]
[White "Bastin, Stephane"]
[Black "Peray, Sebastien"]
[Result "0-1"]
[WhiteElo "1984"]
[BlackElo "2210"]
[PlyCount "68"]
[EventDate "2009.09.27"]
[EventType "team"]
[EventRounds "11"]
[EventCountry "FRA"]
[SourceDate "2009.07.26"]

1. e4 c5 2. Nf3 e6 3. d4 cxd4 4. Nxd4 Nc6 5. c3 Qc7 6. Bd3 Nf6 7. Nd2 a6 8.
N2f3 Bd6 9. O-O O-O 10. Re1 Ng4 11. g3 Nge5 12. Bc2 Nxf3+ 13. Nxf3 f6 14. Nh4
b5 15. Be3 Bb7 16. Qh5 Ne5 17. Rad1 b4 18. Bd4 g6 19. Qe2 a5 20. f4 Nc6 21. e5
fxe5 22. fxe5 Be7 23. Qd3 Nxd4 24. cxd4 Bxh4 25. gxh4 Rf4 26. Re3 Qc6 27. d5
Rg4+ 28. Rg3 Qc5+ 29. Kg2 Bxd5+ 30. Kh3 Rxg3+ 31. hxg3 Rf8 32. Rd2 Qg1 33. Bd1
Qh1+ 34. Kg4 Rf5 0-1

[Event "FRA-chT2 0910"]
[Site "France"]
[Date "2009.12.13"]
[Round "6.6"]
[White "Diaz, Mickael"]
[Black "Sevilla, Paul"]
[Result "1-0"]
[WhiteElo "2235"]
[BlackElo "1830"]
[PlyCount "56"]
[EventDate "2009.09.27"]
[EventType "team"]
[EventRounds "11"]
[EventCountry "FRA"]
[SourceDate "2009.07.26"]

1. e4 e5 2. Bc4 Nf6 3. d3 Bc5 4. Nf3 d6 5. O-O h6 6. c3 Be6 7. Bxe6 fxe6 8. Qb3
Qc8 9. d4 exd4 10. cxd4 Bb6 11. Nc3 Nc6 12. e5 Nh7 13. exd6 cxd6 14. d5 Na5 15.
Qa4+ Qd7 16. Qe4 Nf6 17. Qe2 Rc8 18. dxe6 Qe7 19. Nh4 Rg8 20. Nf5 Qc7 21. Bf4
Bc5 22. Nb5 Qc6 23. Nbxd6+ Bxd6 24. Nxd6+ Ke7 25. Nxc8+ Qxc8 26. Qd2 Nc6 27.
Qd6+ Ke8 28. Rad1 Ne7 {suite illisible} 1-0

[Event "FRA-chT2 0910"]
[Site "France"]
[Date "2009.12.13"]
[Round "6.7"]
[White "Armas, Lena"]
[Black "Boghossian, Pierre"]
[Result "1/2-1/2"]
[WhiteElo "1796"]
[BlackElo "1999"]
[PlyCount "44"]
[EventDate "2009.09.27"]
[EventType "team"]
[EventRounds "11"]
[EventCountry "FRA"]
[SourceDate "2009.07.26"]

1. e4 e6 2. d3 d5 3. Qe2 Be7 4. Nf3 c5 5. c3 Nf6 6. e5 Nfd7 7. d4 b6 8. Qd1 O-O
9. Bd3 Ba6 10. Bc2 Nc6 11. a3 f6 12. h4 fxe5 13. Ng5 Bxg5 14. Bxh7+ Kxh7 15.
hxg5+ Kg8 16. Qh5 Bd3 17. g6 Bxg6 18. Qxg6 Qf6 19. Qh7+ Kf7 20. Rh6 Qe7 21.
Qg6+ Kg8 22. Qh7+ Kf7 1/2-1/2

[Event "FRA-chT2 0910"]
[Site "France"]
[Date "2009.12.13"]
[Round "6.8"]
[White "Bramme, Isabelle"]
[Black "Teyssier, Jean Paul"]
[Result "1-0"]
[WhiteElo "1991"]
[BlackElo "1728"]
[PlyCount "29"]
[EventDate "2009.09.27"]
[EventType "team"]
[EventRounds "11"]
[EventCountry "FRA"]
[SourceDate "2009.07.26"]

1. e4 e6 2. Qe2 d5 3. d3 Nc6 4. Nf3 Be7 5. e5 d4 6. g3 b6 7. Bg2 Bb7 8. a3 a5
9. O-O Na7 10. Nbd2 c5 11. Ne4 Qd7 12. Re1 Bd8 13. Nd6+ Kf8 14. Nxb7 Qxb7 15.
Nxd4 1-0

[Event "FRA-chT2 0910"]
[Site "France"]
[Date "2009.12.13"]
[Round "6.1"]
[White "Anic, Darko"]
[Black "Franca, Ricardo Bedin"]
[Result "0-1"]
[WhiteElo "2444"]
[BlackElo "2296"]
[PlyCount "108"]
[EventDate "2009.09.27"]
[EventType "team"]
[EventRounds "11"]
[EventCountry "FRA"]
[SourceDate "2009.07.26"]
[WhiteTeam "Lodève"]

1. Nf3 d5 2. g3 Nf6 3. Bg2 c6 4. d3 Bf5 5. Nbd2 e6 6. O-O h6 7. b3 a5 8. a3 Be7
9. Bb2 O-O 10. Qe1 Bh7 11. e4 c5 12. Qe2 Nc6 13. a4 Qc7 14. c3 Rfd8 15. Ne1 Qb6
16. Ba3 Qa6 17. e5 Nd7 18. f4 Nb6 19. Rf2 c4 20. dxc4 Bxa3 21. Rxa3 dxc4 22.
Nxc4 Nxc4 23. bxc4 Qb6 24. Bf3 Qb1 25. Kg2 Rd7 26. Qe3 Rad8 27. Raa2 Qb3 28. c5
Qc4 29. g4 Ne7 30. Kg3 Nd5 31. Qd4 Qxc3 32. Qxc3 Nxc3 33. Ra3 Ne4+ 34. Bxe4
Bxe4 35. Re2 Rd4 36. Nf3 Rb4 37. Rd2 Rxd2 38. Nxd2 Bd5 39. f5 Rd4 40. Nf3 Rc4
41. h4 Rxc5 42. Nd4 Rc4 43. Nb5 Re4 44. Nd6 Rxe5 45. Kf4 Re2 46. Rc3 Bc6 47.
Rc5 exf5 48. gxf5 Rd2 49. Nc8 Rd4+ 50. Ke5 Rxa4 51. Ne7+ Kh7 52. Nxc6 bxc6 53.
Kd6 Rxh4 54. Rxa5 Re4 0-1

[Event "FRA-chT2 0910"]
[Site "France"]
[Date "2009.12.13"]
[Round "6.2"]
[White "Iwanesko, Alexandre"]
[Black "Collas, Didier"]
[Result "1/2-1/2"]
[WhiteElo "2195"]
[BlackElo "2441"]
[PlyCount "26"]
[EventDate "2009.09.27"]
[EventType "team"]
[EventRounds "11"]
[EventCountry "FRA"]
[SourceDate "2009.07.26"]

1. e4 c6 2. d4 d5 3. exd5 cxd5 4. c4 Nf6 5. Nc3 g6 6. Nf3 Bg7 7. Be2 O-O 8. O-O
Nc6 9. h3 Be6 10. c5 Ne4 11. Bf4 Nxc3 12. bxc3 Qa5 13. Qb3 Rfc8 1/2-1/2

[Event "FRA-chT2 0910"]
[Site "France"]
[Date "2009.12.13"]
[Round "6.3"]
[White "Boyd, Stephen"]
[Black "Bedos, Michel"]
[Result "1/2-1/2"]
[WhiteElo "2303"]
[BlackElo "2272"]
[PlyCount "35"]
[EventDate "2009.09.27"]
[EventType "team"]
[EventRounds "11"]
[EventCountry "FRA"]
[SourceDate "2009.07.26"]

1. c4 f5 2. g3 Nf6 3. Bg2 e5 4. Nc3 Bb4 5. e3 Bxc3 6. bxc3 d6 7. Rb1 Nc6 8. d4
O-O 9. c5 dxc5 10. Ba3 Ne4 11. Ne2 exd4 12. cxd4 Nb4 13. Bxb4 cxb4 14. Qb3+ Kh8
15. Qxb4 b6 16. O-O Bb7 17. Nf4 Qd6 18. Rfc1 1/2-1/2

[Event "FRA-chT2 0910"]
[Site "France"]
[Date "2009.12.13"]
[Round "6.4"]
[White "Gachon, Lionel"]
[Black "Garrido, Denis"]
[Result "1/2-1/2"]
[WhiteElo "2288"]
[BlackElo "2294"]
[PlyCount "30"]
[EventDate "2009.09.27"]
[EventType "team"]
[EventRounds "11"]
[EventCountry "FRA"]
[SourceDate "2009.07.26"]

1. d4 Nf6 2. Nf3 c5 3. d5 d6 4. Nc3 g6 5. e4 Bg7 6. Bb5+ Bd7 7. a4 O-O 8. h3
Na6 9. O-O Nc7 10. Bxd7 Nxd7 11. Nd2 e6 12. dxe6 fxe6 13. Nc4 Bxc3 14. bxc3 d5
15. Nd6 Qf6 1/2-1/2

[Event "FRA-chT2 0910"]
[Site "France"]
[Date "2009.12.13"]
[Round "6.5"]
[White "Leygue, Dominique"]
[Black "Sanchez, Nicolas"]
[Result "1-0"]
[WhiteElo "2287"]
[BlackElo "2178"]
[PlyCount "69"]
[EventDate "2009.09.27"]
[EventType "team"]
[EventRounds "11"]
[EventCountry "FRA"]
[SourceDate "2009.07.26"]

1. e4 c5 2. Nf3 d6 3. d4 cxd4 4. Nxd4 Nf6 5. Nc3 a6 6. Bg5 e6 7. f4 Qc7 8. Qf3
Nbd7 9. O-O-O b5 10. e5 Bb7 11. Qh3 dxe5 12. Nxe6 fxe6 13. Qxe6+ Be7 14. Nxb5
axb5 15. Bxb5 Rd8 16. fxe5 Bd5 17. Rxd5 Nxd5 18. Rd1 Qb6 19. Bc6 Qxc6 20. Qxc6
Bxg5+ 21. Kb1 Ne7 22. Qb5 O-O 23. a4 Nb8 24. Rxd8 Rxd8 25. h4 Bd2 26. a5 Nbc6
27. a6 Kh8 28. Qb6 Ba5 29. Qb7 Nb4 30. b3 Ned5 31. a7 Nc7 32. c3 Rd1+ 33. Kb2
Rd2+ 34. Kc1 Rc2+ 35. Kd1 1-0

[Event "FRA-chT2 0910"]
[Site "France"]
[Date "2009.12.13"]
[Round "6.7"]
[White "Guennoun, Anthony"]
[Black "Daloz, Jean Michel"]
[Result "0-1"]
[WhiteElo "2148"]
[BlackElo "2165"]
[PlyCount "50"]
[EventDate "2009.09.27"]
[EventType "team"]
[EventRounds "11"]
[EventCountry "FRA"]
[SourceDate "2009.07.26"]

1. e4 c5 2. Nf3 Nc6 3. Nc3 e6 4. Bb5 Nge7 5. O-O a6 6. Bxc6 Nxc6 7. d3 Be7 8.
e5 d5 9. exd6 Qxd6 10. Ne4 Qc7 11. Re1 O-O 12. Bd2 b6 13. Bc3 Bb7 14. Nfg5 Nd4
15. Rc1 h6 16. Nh3 Rad8 17. Qh5 Rd5 18. Qd1 Rfd8 19. Bd2 c4 20. c3 Nf5 21. d4
Nxd4 22. cxd4 Rxd4 23. Qc2 Bxe4 24. Rxe4 Rxd2 25. Qc3 R8d3 0-1

[Event "FRA-chT2 0910"]
[Site "France"]
[Date "2009.12.13"]
[Round "6.8"]
[White "Cassam Chenai, Eric"]
[Black "Patetif, Dyanna"]
[Result "1-0"]
[WhiteElo "1931"]
[BlackElo "1800"]
[PlyCount "47"]
[EventDate "2009.09.27"]
[EventType "team"]
[EventRounds "11"]
[EventCountry "FRA"]
[SourceDate "2009.07.26"]

1. e4 c5 2. Nc3 Nc6 3. Bb5 Nd4 4. Ba4 a6 5. Nf3 Nxf3+ 6. Qxf3 b5 7. Nxb5 axb5
8. Bxb5 Bb7 9. O-O Nf6 10. d3 g6 11. Be3 Qc7 12. Bf4 Qb6 13. a4 Bg7 14. g4 Qe6
15. h3 O-O 16. Bc4 d5 17. exd5 Bxd5 18. Bxd5 Nxd5 19. Rae1 Qd7 20. b3 Nxf4 21.
Qxf4 Bd4 22. Kg2 f5 23. g5 Bc3 24. Qc4+ 1-0

[Event "FRA-chT2 0910"]
[Site "France"]
[Date "2010.01.24"]
[Round "7.1"]
[White "Flear, Glenn C"]
[Black "Midoux, Sebastien"]
[Result "1-0"]
[WhiteElo "2497"]
[BlackElo "2379"]
[PlyCount "127"]
[EventDate "2009.09.27"]
[EventType "team"]
[EventRounds "11"]
[EventCountry "FRA"]
[SourceDate "2009.07.26"]
[WhiteTeam "L'Echiquier du Roy René"]

1. d4 Nf6 2. c4 g6 3. Nc3 d5 4. Qb3 dxc4 5. Qxc4 Bg7 6. e4 c6 7. Nf3 O-O 8. Be2
Be6 9. Qd3 Bg4 10. O-O Bxf3 11. Bxf3 Nbd7 12. Be2 e5 13. dxe5 Nxe5 14. Qg3 Ned7
15. Be3 Qe7 16. Rad1 Nc5 17. f3 Ne6 18. Qf2 Qb4 19. Rd2 Rfd8 20. Rfd1 Rxd2 21.
Rxd2 Nh5 22. a3 Qa5 23. Nb1 c5 24. Bc4 Rd8 25. Bxe6 fxe6 26. g4 Nf6 27. Bxc5
Rxd2 28. Nxd2 Qb5 29. Bd4 Qa4 30. Bc3 h5 31. g5 Nd7 32. Bxg7 Kxg7 33. b3 Qb5
34. Qd4+ e5 35. Qd6 Qc5+ 36. Qxc5 Nxc5 37. b4 Ne6 38. h4 Nd4 39. a4 Kf7 40. Kf2
Ke6 41. b5 a6 42. bxa6 bxa6 43. Nc4 Nb3 44. Ke3 Nc5 45. a5 Nb3 46. Kd3 Nc1+ 47.
Kd2 Nb3+ 48. Kc3 Nd4 49. Nd2 Kd6 50. Kc4 Ne6 51. Kb4 Nd4 52. Nc4+ Ke6 53. Kc5
Nxf3 54. Kb6 Kd7 55. Kxa6 Kc7 56. Kb5 Nxh4 57. Nxe5 Ng2 58. Nxg6 h4 59. Nxh4
Nxh4 60. Kc5 Ng6 61. Kd5 Kd7 62. a6 Ne7+ 63. Ke5 Nc8 64. Kf6 1-0

[Event "FRA-chT2 0910"]
[Site "France"]
[Date "2010.01.24"]
[Round "7.2"]
[White "Abello, Sebastien"]
[Black "Valles, Manuel"]
[Result "0-1"]
[WhiteElo "2297"]
[BlackElo "2224"]
[PlyCount "70"]
[EventDate "2009.09.27"]
[EventType "team"]
[EventRounds "11"]
[EventCountry "FRA"]
[SourceDate "2009.07.26"]

1. d4 Nf6 2. c4 g6 3. Nc3 Bg7 4. e4 d6 5. f3 O-O 6. Be3 e5 7. d5 c6 8. Qd2 cxd5
9. cxd5 a6 10. O-O-O Nbd7 11. g4 Qa5 12. Kb1 b5 13. Rc1 Nc5 14. Nge2 b4 15. Nd1
Ncxe4 16. fxe4 Nxe4 17. Qd3 Bxg4 18. Bg2 Nf6 19. Ng3 e4 20. Nxe4 Nxe4 21. Bxe4
f5 22. Bg2 f4 23. Be4 Bxd1 24. Rhxd1 fxe3 25. Qxe3 Rae8 26. Rf1 Rxf1 27. Rxf1
b3 28. Qxb3 Qd2 29. Bc2 Qxh2 30. Qb7 Qe2 31. Qf7+ Kh8 32. Rh1 Rb8 33. b3 Qe5
34. Kc1 Qa1+ 35. Bb1 Qb2+ 0-1

[Event "FRA-chT2 0910"]
[Site "France"]
[Date "2010.01.24"]
[Round "7.3"]
[White "Stojanov, Stanislav"]
[Black "Gaudineau, Eric"]
[Result "0-1"]
[WhiteElo "2287"]
[BlackElo "2346"]
[PlyCount "206"]
[EventDate "2009.09.27"]
[EventType "team"]
[EventRounds "11"]
[EventCountry "FRA"]
[SourceDate "2009.07.26"]

1. Nf3 Nf6 2. c4 e6 3. g3 d5 4. Bg2 c6 5. O-O Bd6 6. b3 O-O 7. Bb2 Nbd7 8. d3
e5 9. cxd5 cxd5 10. e4 d4 11. Na3 Nb6 12. Nd2 Be6 13. h3 Nfd7 14. Rc1 Qe7 15.
Nb5 Rfc8 16. Nxd6 Qxd6 17. f4 f6 18. Nf3 Rxc1 19. Qxc1 Nc5 20. Qd2 Nbd7 21.
fxe5 Nxe5 22. Nxe5 fxe5 23. Rc1 a5 24. Ba3 b6 25. Qc2 Rc8 26. Bf1 Qe7 27. Kh2
Qg5 28. Qd1 Qe3 29. Rc2 Rf8 30. Rg2 Qh6 31. h4 Qf6 32. Be2 h6 33. Qd2 Qd8 34.
Bd1 Bc8 35. Be2 Bd7 36. Qc1 Bb5 37. Qd2 Qc7 38. Kg1 Ba6 39. b4 axb4 40. Bxb4
Qc6 41. Qc2 Qb5 42. a3 Bc8 43. Rf2 Rxf2 44. Kxf2 Qc6 45. Kg1 Qg6 46. Kh2 Qf7
47. Kg1 Be6 48. Bxc5 Bb3 49. Qc1 Qg6 50. Kg2 bxc5 51. Qxc5 Qe6 52. Qb5 Bc2 53.
Qb2 Ba4 54. Qb4 Bd7 55. Qc4 Qxc4 56. dxc4 Ba4 57. Bd3 Kf7 58. c5 Ke6 59. Bc4+
Kd7 60. Kf2 Kc6 61. Ke1 Kxc5 62. Ba6 Bc6 63. Bd3 Bb5 64. Bb1 Kc4 65. Kd2 Kb3
66. Bc2+ Kxa3 67. Bd1 Bc4 68. Bg4 g6 69. Bd7 Bf7 70. Bg4 Ba2 71. Bd7 Bb1 72.
Bc6 Kb4 73. Kc1 Kc5 74. Bd5 Bd3 75. Kd2 Bc4 76. Bb7 Be6 77. Ba6 Bg4 78. Bd3 Kd6
79. Bb5 Ke7 80. Bd3 Bf3 81. Ke1 Kf6 82. Kf2 Bd1 83. Ke1 Bg4 84. Kf2 g5 85. Bb5
Bd1 86. Bd3 Kg6 87. Ke1 Bg4 88. Kf2 Kh5 89. hxg5 Kxg5 90. Bc4 Bd1 91. Be6 h5
92. Bd7 Bc2 93. Kf3 Bb3 94. Bb5 Bd1+ 95. Kf2 Kf6 96. Bd3 Ke7 97. Ke1 Bg4 98.
Kd2 Kf6 99. Ke1 Kg5 100. Kf2 h4 101. gxh4+ Kf4 102. Bc2 Bf3 103. Ba4 d3 0-1

[Event "FRA-chT2 0910"]
[Site "France"]
[Date "2010.01.24"]
[Round "7.4"]
[White "Diaz, Franck"]
[Black "Duquesnoy, Jean Philip"]
[Result "1-0"]
[WhiteElo "2180"]
[BlackElo "2212"]
[PlyCount "79"]
[EventDate "2009.09.27"]
[EventType "team"]
[EventRounds "11"]
[EventCountry "FRA"]
[SourceDate "2009.07.26"]

1. e4 c5 2. Nf3 e6 3. d4 cxd4 4. Nxd4 Nf6 5. Nc3 d6 6. Bg5 h6 7. Bh4 a6 8. f4
Be7 9. Qf3 Qc7 10. O-O-O Nbd7 11. Be2 b5 12. Bxf6 Nxf6 13. e5 Bb7 14. Qg3 dxe5
15. fxe5 Nd7 16. Qxg7 Qxe5 17. Nxe6 fxe6 18. Bh5+ Qxh5 19. Qxh8+ Nf8 20. Rhe1
Qg5+ 21. Kb1 Qf6 22. Qg8 Qg5 23. Qxg5 hxg5 24. g3 Rc8 25. Ne4 Rc6 26. a3 Kf7
27. Nf2 Bf6 28. Ng4 Rc5 29. Rf1 Rf5 30. Nh6+ Kg6 31. Nxf5 exf5 32. Rd6 g4 33.
Re1 Be4 34. Rxa6 Nd7 35. Rd1 Nc5 36. Rb6 Kf7 37. Rxb5 Be7 38. Ra5 Bf3 39. Re1
Kf6 40. Rxe7 1-0

[Event "FRA-chT2 0910"]
[Site "France"]
[Date "2010.01.24"]
[Round "7.5"]
[White "Sebban, Jean Paul"]
[Black "Montagard, Guillaume"]
[Result "1-0"]
[WhiteElo "2186"]
[BlackElo "2242"]
[PlyCount "99"]
[EventDate "2009.09.27"]
[EventType "team"]
[EventRounds "11"]
[EventCountry "FRA"]
[SourceDate "2009.07.26"]

1. d4 Nf6 2. c4 c6 3. Nc3 d6 4. Nf3 Nbd7 5. Bg5 e5 6. e3 Be7 7. Qc2 O-O 8. Bd3
Qc7 9. dxe5 dxe5 10. Bxh7+ Nxh7 11. Bxe7 Re8 12. Ba3 Ndf6 13. O-O-O e4 14. Nd4
a6 15. Nb3 Bg4 16. Rd4 Rad8 17. Nxe4 Rxd4 18. Nxf6+ Nxf6 19. Nxd4 c5 20. Nb3 b6
21. Nd2 Qe5 22. b3 Bf5 23. Bb2 Qe6 24. Qc3 b5 25. a3 Qd6 26. f3 Bg6 27. e4 b4
28. axb4 cxb4 29. Qd4 Qf8 30. Rd1 Rd8 31. Qe3 a5 32. Nf1 Rxd1+ 33. Kxd1 Nd7 34.
Nd2 f6 35. Bd4 Qa8 36. Ke2 a4 37. bxa4 Qxa4 38. Qb3 Qa5 39. Qe3 Bf7 40. Kf2 Qc7
41. Qb3 Nc5 42. Bxc5 Qxc5+ 43. Qe3 Qc7 44. g3 Bxc4 45. Qd4 Ba6 46. Qxb4 Qa7+
47. Kg2 Qe3 48. Qb3+ Qxb3 49. Nxb3 Kf7 50. Kf2 1-0

[Event "FRA-chT2 0910"]
[Site "France"]
[Date "2010.01.24"]
[Round "7.6"]
[White "Diaz, Mickael"]
[Black "Milesi, Laurent"]
[Result "0-1"]
[WhiteElo "2231"]
[BlackElo "2124"]
[PlyCount "76"]
[EventDate "2009.09.27"]
[EventType "team"]
[EventRounds "11"]
[EventCountry "FRA"]
[SourceDate "2009.07.26"]

1. e4 b6 2. d4 Bb7 3. Bd3 e6 4. Nf3 c5 5. c3 Nf6 6. Qe2 Be7 7. O-O d5 8. e5
Nfd7 9. b3 Nc6 10. a3 g5 11. Be3 h5 12. Nbd2 g4 13. Ne1 Qc7 14. f3 f5 15. exf6
Nxf6 16. Bg5 Kd7 17. Nc2 Raf8 18. Rae1 Nd8 19. Kh1 Kc8 20. Bf5 Kb8 21. Bxe6 Bd6
22. f4 Ne4 23. Nxe4 dxe4 24. dxc5 Nxe6 25. cxd6 Qxd6 26. Qb5 Nc5 27. Ne3 Ba6
28. Qb4 Bxf1 29. Rxf1 Qd3 30. f5 Rf7 31. Rd1 Qe2 32. Qd4 Rc8 33. Bf4+ Ka8 34.
b4 Rd7 35. Bd6 Nb7 36. Qxe4 Rxd6 37. Rf1 Rd3 38. Qe6 Rcd8 0-1

[Event "FRA-chT2 0910"]
[Site "France"]
[Date "2010.01.24"]
[Round "7.7"]
[White "Flear, Christine"]
[Black "Cherki, Thomas"]
[Result "1-0"]
[WhiteElo "2147"]
[BlackElo "2143"]
[PlyCount "89"]
[EventDate "2009.09.27"]
[EventType "team"]
[EventRounds "11"]
[EventCountry "FRA"]
[SourceDate "2009.07.26"]

1. d4 Nf6 2. c4 e6 3. Nf3 Bb4+ 4. Nbd2 O-O 5. e3 d6 6. a3 Bxd2+ 7. Qxd2 Nc6 8.
b4 e5 9. dxe5 Nxe5 10. Nxe5 dxe5 11. Qxd8 Rxd8 12. Bb2 Ng4 13. Be2 f6 14. Bc3
Bf5 15. c5 Nh6 16. Bc4+ Kf8 17. Ke2 Ke7 18. Rhd1 Be6 19. Bd3 g6 20. f3 Nf7 21.
g4 Rd7 22. a4 Rad8 23. Bc2 Bc4+ 24. Kf2 Ng5 25. h4 Nf7 26. b5 Ke6 27. Rxd7 Rxd7
28. h5 f5 29. hxg6 hxg6 30. gxf5+ gxf5 31. Rg1 Rd8 32. Rg6+ Ke7 33. Bxf5 Rh8
34. Bb4 Ke8 35. c6 b6 36. Rg7 Bb3 37. Bg6 Bd5 38. Kg3 Bb3 39. f4 exf4+ 40. exf4
Be6 41. f5 Bb3 42. f6 Be6 43. Bh5 Ba2 44. Bg4 Bb3 45. Bd7+ 1-0

[Event "FRA-chT2 0910"]
[Site "France"]
[Date "2010.01.24"]
[Round "7.8"]
[White "Bramme, Isabelle"]
[Black "Jeanjean, Dominique"]
[Result "0-1"]
[WhiteElo "1981"]
[BlackElo "2114"]
[PlyCount "106"]
[EventDate "2009.09.27"]
[EventType "team"]
[EventRounds "11"]
[EventCountry "FRA"]
[SourceDate "2009.07.26"]

1. e4 e5 2. Nf3 Nc6 3. Bb5 a6 4. Bxc6 dxc6 5. O-O Qd6 6. d4 exd4 7. Qxd4 Bg4 8.
Qxd6 cxd6 9. Nd4 Ne7 10. f3 Bd7 11. Nc3 Ng6 12. Na4 Rd8 13. Nb6 Be7 14. Nxd7
Rxd7 15. Nf5 Bf6 16. Rd1 O-O 17. c3 Ne5 18. Rb1 Rfd8 19. Bf4 g6 20. Ne3 d5 21.
exd5 cxd5 22. Nc2 Nc6 23. Nd4 Nxd4 24. cxd4 Rc8 25. Rd2 Bd8 26. Kf1 Bb6 27. Be5
Rc6 28. Rbd1 f6 29. Bf4 Kf7 30. Re2 Rc4 31. Red2 Re7 32. b3 Rc6 33. Bg3 Re8 34.
Bf2 Ba5 35. Rd3 Rc2 36. Be1 Bxe1 37. Rxe1 Rxa2 38. Rxe8 Kxe8 39. Rc3 Kd7 40.
Rd3 Rb2 41. h4 Kd6 42. g3 a5 43. Ke1 b5 44. Rc3 a4 45. bxa4 bxa4 46. Ra3 Rb4
47. Rd3 Kc6 48. Kd2 Rc4 49. Ke3 Kb5 50. Rd1 Rc3+ 51. Ke2 Kc4 52. Ra1 a3 53. Ra2
Kb3 0-1

[Event "FRA-chT2 0910"]
[Site "France"]
[Date "2010.01.24"]
[Round "7.1"]
[White "Kosten, Anthony C"]
[Black "Anic, Darko"]
[Result "1-0"]
[WhiteElo "2506"]
[BlackElo "2445"]
[PlyCount "53"]
[EventDate "2009.09.27"]
[EventType "team"]
[EventRounds "11"]
[EventCountry "FRA"]
[SourceDate "2009.07.26"]
[WhiteTeam "Chamalières"]
[BlackTeam "Lodève"]

1. e4 c6 2. d4 d5 3. exd5 cxd5 4. c4 Nf6 5. Nc3 Nc6 6. Bg5 Be6 7. Nf3 Qd7 8.
Be2 Ne4 9. O-O Nxc3 10. bxc3 dxc4 11. Nd2 g6 12. Nxc4 Bg7 13. Ne3 Rd8 14. Bf3
Qc7 15. Qa4 h6 16. Bh4 Qd7 17. Qa3 g5 18. Bg3 g4 19. Be4 f5 20. Bc2 O-O 21. d5
f4 22. dxe6 Qc7 23. Qa4 fxg3 24. hxg3 h5 25. Qe4 Rf6 26. Qh7+ Kf8 27. Nf5 1-0

[Event "FRA-chT2 0910"]
[Site "France"]
[Date "2010.01.24"]
[Round "7.2"]
[White "Boyd, Stephen"]
[Black "Claverie, Christophe"]
[Result "1-0"]
[WhiteElo "2306"]
[BlackElo "2354"]
[PlyCount "67"]
[EventDate "2009.09.27"]
[EventType "team"]
[EventRounds "11"]
[EventCountry "FRA"]
[SourceDate "2009.07.26"]

1. c4 Nf6 2. g3 g6 3. Bg2 Bg7 4. Nc3 O-O 5. d4 d6 6. Nf3 c6 7. O-O Qa5 8. e4
Bg4 9. h3 Bxf3 10. Bxf3 Nfd7 11. Be3 c5 12. dxc5 dxc5 13. e5 a6 14. e6 fxe6 15.
Bxb7 Ra7 16. Bg2 Ne5 17. Ne4 Nxc4 18. Bxc5 Rd7 19. Qg4 Rf5 20. b4 Qa4 21. Rad1
Qxa2 22. Qh4 Ne5 23. g4 Rf8 24. Rxd7 Nexd7 25. Bxe7 Rc8 26. Re1 Qb2 27. Ng5 h6
28. Nxe6 Qd2 29. Rf1 Nc6 30. Bc5 Nxc5 31. bxc5 g5 32. Qh5 Ne5 33. h4 gxh4 34.
Nxg7 1-0

[Event "FRA-chT2 0910"]
[Site "France"]
[Date "2010.01.24"]
[Round "7.3"]
[White "Ollier, Pablo"]
[Black "Garrido, Denis"]
[Result "1-0"]
[WhiteElo "2278"]
[BlackElo "2291"]
[PlyCount "115"]
[EventDate "2009.09.27"]
[EventType "team"]
[EventRounds "11"]
[EventCountry "FRA"]
[SourceDate "2009.07.26"]

1. d4 Nf6 2. c4 c5 3. d5 d6 4. Nc3 g6 5. e4 Bg7 6. Nf3 O-O 7. h3 Na6 8. Bd3 Nc7
9. O-O e5 10. dxe6 Nxe6 11. Be3 Nd7 12. Be2 Ne5 13. Nxe5 dxe5 14. Qxd8 Rxd8 15.
Bg4 Nd4 16. Bxc8 Raxc8 17. Nd5 Rd7 18. Bxd4 cxd4 19. b3 f5 20. f3 Kf7 21. a4
Ke6 22. Kf2 fxe4 23. fxe4 Rf7+ 24. Ke2 Rcf8 25. Rxf7 Rxf7 26. a5 a6 27. b4 Bf6
28. Rf1 Bd8 29. Rxf7 Kxf7 30. c5 Be7 31. Kd3 Ke6 32. Nb6 Bd8 33. Nc4 Bc7 34.
Nd2 Bd8 35. Nf3 h6 36. Kc4 g5 37. g4 Bc7 38. Nd2 Bd8 39. Nf1 Bf6 40. Ng3 Be7
41. Nf5 Bf8 42. Ng3 Be7 43. Nh1 Bd8 44. Nf2 Bc7 45. Nd3 Bd8 46. c6 b6 47. axb6
Bxb6 48. Nc5+ Kd6 49. Nxa6 Kxc6 50. b5+ Kd6 51. Nb4 Bc7 52. Nd3 Ba5 53. Nc1 Bc7
54. Ne2 Bd8 55. Ng3 Ba5 56. Nf5+ Kc7 57. Nxh6 Bd2 58. Nf7 1-0

[Event "FRA-chT2 0910"]
[Site "France"]
[Date "2010.01.24"]
[Round "7.4"]
[White "Leygue, Dominique"]
[Black "Blanc, Sebastien"]
[Result "1/2-1/2"]
[WhiteElo "2297"]
[BlackElo "2112"]
[PlyCount "133"]
[EventDate "2009.09.27"]
[EventType "team"]
[EventRounds "11"]
[EventCountry "FRA"]
[SourceDate "2009.07.26"]

1. e4 c5 2. Nf3 d6 3. d4 cxd4 4. Nxd4 Nf6 5. Nc3 a6 6. Bg5 e6 7. f4 Nbd7 8. Qf3
Qc7 9. O-O-O Be7 10. Rd2 h6 11. Bh4 g5 12. fxg5 Ne5 13. Qf2 Nfg4 14. Qe1 hxg5
15. Bg3 Bd7 16. h3 Nh6 17. Bd3 f6 18. Rf1 Nhf7 19. Kb1 Rc8 20. Rdf2 Rh6 21. Nf3
Qa5 22. h4 Nxf3 23. Rxf3 Ne5 24. Bxe5 Qxe5 25. hxg5 fxg5 26. Qf2 Rh8 27. Rf7
Bc6 28. Qa7 Rf8 29. Rxf8+ Bxf8 30. Bxa6 Qa5 31. Qf2 Be7 32. Bc4 Qe5 33. Bb3 Kd7
34. Rd1 Bf6 35. Qb6 Ke7 36. Ba4 Qc5 37. Qxc5 dxc5 38. Bxc6 Rxc6 39. Nb5 Be5 40.
Rh1 Kf6 41. Rf1+ Kg6 42. c3 Kh5 43. Rf7 Kg4 44. Rf3 Rc8 45. Rh3 Rf8 46. Rh6 Re8
47. Na3 Kg3 48. Nc4 Bf4 49. e5 Kxg2 50. Nd6 Re7 51. Ne4 Kf3 52. Nxc5 g4 53. Rg6
Bxe5 54. Nd3 Bd6 55. Kc2 g3 56. Kd1 Bf4 57. Nxf4 Kxf4 58. Ke2 Rh7 59. Rxe6 Rh2+
60. Kf1 Rxb2 61. Rf6+ Ke4 62. a4 Rf2+ 63. Rxf2 gxf2 64. a5 Kd3 65. Kxf2 Kxc3
66. Ke1 Kb4 67. a6 1/2-1/2

[Event "FRA-chT2 0910"]
[Site "France"]
[Date "2010.01.24"]
[Round "7.5"]
[White "Mania, Clement"]
[Black "Guennoun, Anthony"]
[Result "1/2-1/2"]
[WhiteElo "2103"]
[BlackElo "2135"]
[PlyCount "41"]
[EventDate "2009.09.27"]
[EventType "team"]
[EventRounds "11"]
[EventCountry "FRA"]
[SourceDate "2009.07.26"]

1. f4 d5 2. Nf3 Nf6 3. g3 Nc6 4. Bg2 Bg4 5. d4 e6 6. O-O Bf5 7. c3 Be7 8. Qe1
h6 9. Nbd2 Ne4 10. Ne5 Nxe5 11. fxe5 Nxd2 12. Bxd2 Bg6 13. Rc1 O-O 14. e4 dxe4
15. Bxe4 Bxe4 16. Qxe4 Qd5 17. Qg4 Kh8 18. Qh5 f5 19. Bxh6 gxh6 20. Qxh6+ Kg8
21. Qg6+ 1/2-1/2

[Event "FRA-chT2 0910"]
[Site "France"]
[Date "2010.01.24"]
[Round "7.6"]
[White "Serreau, David"]
[Black "Ollier, Milan"]
[Result "1/2-1/2"]
[WhiteElo "2176"]
[BlackElo "2089"]
[PlyCount "69"]
[EventDate "2009.09.27"]
[EventType "team"]
[EventRounds "11"]
[EventCountry "FRA"]
[SourceDate "2009.07.26"]

1. Nf3 c5 2. c4 Nc6 3. d4 cxd4 4. Nxd4 Nf6 5. g3 Qb6 6. Nb5 Ne5 7. Bf4 a6 8.
Bxe5 axb5 9. Bg2 bxc4 10. O-O d6 11. Bd4 Qc7 12. Bxf6 gxf6 13. Na3 Ra5 14. Rc1
b5 15. Qd2 Bd7 16. Nb1 Rxa2 17. Nc3 Ra6 18. Nd5 Qa7 19. b3 Ra2 20. Qf4 h5 21.
Qe4 f5 22. Qh4 cxb3 23. Rc7 Qa5 24. Rb7 Rc2 25. Qd4 Rg8 26. Ra1 Qd8 27. Qe3 e6
28. Rxd7 Kxd7 29. Ra7+ Ke8 30. Qxb3 Rc5 31. Nc3 Bg7 32. Nxb5 Rc1+ 33. Bf1 Be5
34. Qa3 Ra1 35. Nxd6+ 1/2-1/2